MDQL
is popping MORE tags! Check the
thread
!
Quizzes
Events
Quiz Creation
Community
Videos
Private Events
Remove Ads
Sign In
Join for FREE
Feedback
Dark Mode
Quiz Categories
Sports
Geography
Music
Movies
Television
Just For Fun
Miscellaneous
History
Literature
Language
Science
Gaming
Entertainment
Religion
Holiday
For Kids
Quiz Lab
Recent
Popular Today
Quiz Kudos Today
Editor Picks
Curator Picks
Quizzes by...
Day
Popularity
Type
Ratings
Length
Year
Community
Subscriptions
Recent Discussions
Orange Saloon
Badges
Playlists
Quests
Create
Leaderboards
Showdown
Live 5
Trivia Bingo
Activity
Puzzle Library
Sporcle Events
Private Events
Virtual Trivia
Globe League
Become a Host
Pub Owners
SporcleCon
Opinionation
Our Games
Videos
Blog
Mobile Apps
Partnerships
Remove Ads and Go Orange
Feedback
Language
Vocabulary
Begins and Ends
Definition
Spanish
French
German
Italian
Chinese
Latin
Translation
Japanese
Language
Vocabulary
Begins and Ends
Definition
Spanish
French
German
Italian
Chinese
Latin
Translation
Japanese
Random Quiz
Search Sporcle
×
Quiz Lab
Quiz Lab
Language
Japanese
Select answers by clicking on text or image buttons
Select answers by clicking on text or image buttons
Clickable
Best Score? Go Orange.
People 20 more Japanese people 02 Stats
Match the people
By
PetePorchos
5m
20 Questions
54 Plays
54 Plays
54 Plays
Comments
Comments
Give Quiz Kudos
Give Quiz Kudos
-
- Ratings
hide this ad
Forced Order
Answers have to be entered in order
Answers have to be entered in order
Random Order
Randomize order of answers
Randomize order of answers
Replay
Link that replays current quiz
Next Quiz
Link to next quiz in quiz playlist
You Got
0%
They Got
Avg Score
77%
Avg Friend Score
Upgrade to see
Score Distribution
Jump to the score distribution portion of the page
Score
0/20
Timer
05:00
0
Plays Today
% Correct
ぱらさいとしんぐる
90.7%
ふろんとけい
87%
せいと
85.2%
じょせい
81.5%
だんせい
81.5%
しょうねん
79.6%
そふぼ
79.6%
こうれいしゃ
77.8%
しゃちょう
77.8%
どくしんだんせい
77.8%
% Correct
かいしゃいん
77.8%
のうか
75.9%
しんぶんきしゃ
75.9%
そふぼ
74.1%
げいしゃ
74.1%
けいさつかん
72.2%
ちょうなん
72.2%
じじょ
70.4%
りきし
66.7%
かんごふ
63%
Quiz Playlist
Details
Report
Send in Message
Add To Playlist
Clickable:
Select answers by clicking on text or image buttons
Forced Order:
Answers have to be entered in order
Random Order:
Randomize order of answers
Last Updated: Feb 16, 2017
Quiz Scoreboard
CHALLENGE
Sign Up to Join the Scoreboard
Show All
Scores
Hide
Comments
May contain spoilers
Recently Published
Find the 'City' Movie
by crazypaving
Movies
60s
5x2 Blitz: Bands
by SL_Kpop136
Music
30s
Colored Red Africa Blitz
by spor1
Geography
30s
More to Explore
Quiz From the Vault
Featured Blog Post
14 Easter Pick-up Lines to Find Eggs With
hide this ad
You Might Also Like...
Tags
Japanese Quiz
Vocabulary Quiz
Basic Japanese
hiragana
kanji
Today's Top Quizzes in Language
Browse Language
hide this ad
Today's Top Quizzes in Japanese
Browse Japanese
Top Contributed Quizzes in Language
1
1-10 Letter F Words III
2
1-10 Letter G Words III
3
1-10 Letter H Words III
4
1-10 Letter I Words III
5
Greek Alphabet Match
6
Arabic Numerals
7
Ends in ELL Minefield
8
1-10 Letter J Words III
9
1-10 Letter L Words III
10
1-10 Letter M Words III
Explore More
Trending Topics
Marvel
Kpop
Anime
NBA
Crossword
Harry Potter
Disney
Soccer
NFL
Puzzle
The Office
Country
Song
WWE
Pokémon
hide this ad
More By:
PetePorchos
Quiz
Plays
Rating
Category
Featured
Created
KATAKANA FOOD 01
550
5.00
Language
Sep 19, 2016
Japanese verbs 01 kanji and hiragana
290
5.00
Language
Sep 15, 2015
katakana transport 01
244
5.00
Language
Sep 9, 2017
Japanese Verbs 04 kanji and hiragana
232
5.00
Language
Sep 18, 2015
KATAKANA FOOD 03
194
5.00
Language
Sep 19, 2016
Go to Creator's Profile
Score Distribution
Quiz Creator Spotlight
PetePorchos
Follow
Send a Message
Quizzes Created
-
Created Quiz Play Count
-
More By This Creator
Popular Quizzes Today
1
Find the 'City' Movie
2
5x2 Blitz: Bands
3
Colored Red Africa Blitz
4
Find the US States - No Outlines Minefield
5
The Countries of the World
6
Find the US States
7
9x9 Crossword: Cartoon Network
8
US States
More Language Quizzes
Two Missing Triples: Phrases Edition
Published
Trending Quizzes
Colored Red Africa Blitz II
Colored Red Europe Blitz I
Colored Red Africa Blitz III
Colored Red Europe Blitz II
Colored Red Europe Blitz III
Recently Updated
Champions League XIs: Real Madrid
pecheneg
Largest US Cities 1790-2010
pecheneg
Rides in Walt Disney World
pecheneg
Most Oscar Losses (Acting)
pecheneg
Beyoncé Albums
pecheneg
Leaping Animals
pecheneg
Reality TV Shows (A-Z)
bhenderson79
Rickey Henderson's Hall of Fame Teammates
pecheneg
Champions League XIs: Arsenal
pecheneg
Quick Pick: Celebrities in WWE's Hall of Fame
aduchscher
Trending Topics
Harry Potter
Kpop
Crossword
Marvel
NBA
Disney
Anime
Country
Song
Puzzle
WWE
Pokémon
The Office
Soccer
NFL
Your Account Isn't Verified!
In order to create a playlist on Sporcle, you need to verify the email address you used during registration. Go to your
Sporcle Settings
to finish the process.
Report this User
Report this user for behavior that violates our
Community Guidelines
.
Details:
Send Report
Go to the Sporcle.com Mobile Site →
Comments